Normal view
MARC view
- Torres Solís, José Antonio
Entry Nombre Personal
001 - NUMERO DE CONTROL
- campo de control: 34845
003 - IDENTIFICADOR DE NUMERO DE CONTROL
- campo de control: UPN
005 - FECHA Y HORA DE LA ÜLTIMA TRANSACCIÓN
- campo de control: 20230509130826.0
008 - DATOS DE LONGITUD FIJA
- campo de control de longitud fija: 230509n||acannaabn | aaa |d
035 ## - NUMERO DE CONTROL
- Número de control: UPN11000006952
040 ## - FUENTE DE CATALOGACIÓN
- Agencia original de catalogación: UPN
- Lenguaje de catalogación: spa
- Agencia de transcripción: UPN
100 1# - ENCABEZAMIENTO - NOMBRE PERSONAL
- Nombre personal: Torres Solís, José Antonio
670 ## - FUENTE EN LA QUE SE LOCALIZARON DATOS
- Cita de la fuente: Evaluación de programas, 1980:
- Uniform Resource Identifier: portada (José Antonio Torres Solís; licenciado en Pedagogía, profesor de Educación Física, subdirector técnico de la Escuela Superior de Educación Física, profesor de la asignatura de Educación Física y su Didáctica en la ESEF)
902 ## - CATALOGADOR
- Catalogador: MMA/260214
